[Event "Harmonie"]
[Site "Groningen NED"]
[Date "2004.12.22"]
[Round "2"]
[White "Brandenburg,D"]
[Black "Nijboer,F"]
[Result "0-1"]
[WhiteElo "2340"]
[BlackElo "2567"]

1.e4 c5 2.Nf3 e6 3.d4 cxd4 4.Nxd4 a6 5.Bd3 Bc5 6.Nb3 Ba7 7.c4 Nc6 8.Nc3 d6
9.O-O Nge7 10.Qe2 O-O 11.Be3 e5 12.Bxa7 Rxa7 13.Qe3 Be6 14.Rfd1 Ng6 15.Bf1 Qb8
16.Qb6 Nge7 17.Rac1 Nc8 18.Qe3 b6 19.Nd5 Rb7 20.Rc3 N8e7 21.Qd2 Ng6 22.Ne3 Rd8
23.Rd3 Rbd7 24.g3 a5 25.Nc1 Nd4 26.Bg2 Ne7 27.b3 Nec6 28.Nf5 Bxf5 29.exf5 d5
30.a3 dxc4 31.bxc4 e4 32.Bxe4 Ne5 33.Rxd4 Rxd4 34.Qxd4 Rxd4 35.Rxd4 Qc7 36.Bd5 b5
37.Nd3 Nxc4 38.Bxc4 bxc4 39.Nc5 Qxc5 40.Rd8+ Qf8 41.Rxf8+ Kxf8 42.Kf1 Ke7
43.Ke1 Kf6 44.Kd2 Ke5 45.Kc3 Kd5 46.g4 f6 47.h3 Kc5 48.Kc2 Kd4 49.Kd2 c3+
50.Kc2 Kc4 51.h4 Kd4 52.h5 h6 53.a4 Kc4 54.f4 Kb4 55.g5 Kc4  0-1

[Event "21st Open"]
[Site "Boeblinger GER"]
[Date "2004.12.27"]
[Round "2"]
[White "Mijatovic,V"]
[Black "Meijers,V"]
[Result "0-1"]
[WhiteElo "2147"]
[BlackElo "2465"]

1.e4 c5 2.Nf3 e6 3.d4 cxd4 4.Nxd4 a6 5.Bd3 Bc5 6.Nb3 Ba7 7.O-O Nc6 8.Nc3 Nf6
9.Bf4 d6 10.Be2 e5 11.Bg5 h6 12.Bxf6 Qxf6 13.Nd5 Qd8 14.Bg4 O-O 15.Bxc8 Rxc8
16.Qd3 Qd7 17.Rad1 f5 18.exf5 Rxf5 19.Nd2 Rcf8 20.Ne4 Nd4 21.c3 Ne6 22.Rd2 Ng5
23.Nb4 Nxe4 24.Qxe4 Kh8 25.Nd5 Qf7 26.Qh4 Qe6 27.Qe4 R8f7 28.Qe2 Rxf2 29.Rxf2 Rxf2  0-1

[Event "21st Open"]
[Site "Boeblinger GER"]
[Date "2004.12.28"]
[Round "4"]
[White "Gheng,J"]
[Black "Meijers,V"]
[Result "1-0"]
[WhiteElo "2324"]
[BlackElo "2465"]

1.e4 c5 2.Nf3 e6 3.d4 cxd4 4.Nxd4 a6 5.Bd3 Nf6 6.O-O d6 7.c4 Nbd7 8.Nc3 g6
9.Be3 Bg7 10.Rc1 b6 11.f3 Bb7 12.Qd2 Rc8 13.Be2 O-O 14.Rfd1 Qe7 15.Nc2 Ne8
16.Bf1 f5 17.exf5 gxf5 18.Ne1 Kh8 19.Na4 Rb8 20.Qf2 Bc6 21.Nc3 Rg8 22.b4 Bf6
23.Nd3 Qg7 24.Ne2 e5 25.Nc3 f4 26.Bd2 Bd8 27.b5 Bb7 28.Nb4 a5 29.Nbd5 Nc5
30.Be1 Bc8 31.Qc2 Qf8 32.Bf2 Bf5 33.Qe2 Ne6 34.Ne4 Rb7 35.Kh1 Rg6 36.Nxd6 Nxd6
37.Qxe5+ Kg8 38.Nxb6 Bxb6 39.Bxb6 Rxb6 40.c5 Nxc5 41.Rxc5 Bd7 42.Rcd5 Be8
43.Bd3 Rf6 44.a4 Bg6 45.Qd4 Ne8 46.Bc4 Bf7 47.Rd7 Rbd6 48.Qc3 Rxd1+ 49.Rxd1 Rd6
50.Re1 Bxc4 51.Qxc4+ Kg7 52.Qc3+ Nf6 53.Qxa5 Nd5 54.Qa7+ Kh6 55.Qc5 Ne3 56.b6 Qf6
57.b7 Rd8 58.Qc7 Qg5 59.g3  1-0

[Event "Open A"]
[Site "Bethune FRA"]
[Date "2004.12.29"]
[Round "5"]
[White "Gouliev,N"]
[Black "Houdart,D"]
[Result "1-0"]
[WhiteElo "2509"]
[BlackElo "2236"]

1.e4 c5 2.Nf3 e6 3.d4 cxd4 4.Nxd4 a6 5.Bd3 Nf6 6.O-O Qc7 7.Qe2 d6 8.c4 Nbd7
9.Nc3 Be7 10.b3 O-O 11.Bb2 b6 12.Rad1 Bb7 13.Bb1 Rfe8 14.f4 Rac8 15.Qf3 g6
16.Kh1 Bf8 17.Nc2 Qb8 18.Ne3 Qa8 19.Rfe1 Nh5 20.Nf1 f5 21.Ng3 Nhf6 22.Qe2 Nc5
23.e5 Ng4 24.exd6 Rcd8 25.b4 Nd7 26.a3 Nh6 27.Ba2 Nf7 28.c5 bxc5 29.Bxe6 Bg7
30.Qf2 cxb4 31.axb4 Nf6 32.Ba1 Ng4 33.Qa2 Bxg2+ 34.Kg1 Kf8 35.Qxg2 Qa7+ 36.Kf1 Ne3+
37.Rxe3 Qxe3 38.Bxf7 Kxf7 39.Qb7+ Kf8 40.Qxg7+ Kxg7  1-0

[Event "21st Open"]
[Site "Boeblinger GER"]
[Date "2004.12.29"]
[Round "6"]
[White "Maas,O"]
[Black "Wachinger,G"]
[Result "1/2-1/2"]
[WhiteElo "2143"]
[BlackElo "2263"]

1.e4 c5 2.Nf3 e6 3.d4 cxd4 4.Nxd4 a6 5.Bd3 Nf6 6.Nc3 d6 7.O-O b5 8.f4 Be7
9.Qf3 Bb7 10.a4 b4 11.Nd1 Nbd7 12.Nf2 Nc5 13.Bd2 Nxd3 14.cxd3 a5 15.Rac1 Qd7
16.Nb5 Bd8 17.b3 O-O 18.Be3 Ne8 19.f5 e5 20.d4 Ba6 21.dxe5 Bxb5 22.axb5 dxe5
23.Rfd1 Qb7 24.Nd3 Nf6 25.Nxe5 Qxb5 26.Nc4 Bc7 27.Bd4 Rad8 28.Bxf6 gxf6 29.Qg4+ Kh8
30.Qh4 Be5 31.Kh1 a4 32.Nd6 Qb6  1/2-1/2

[Event "Lidums Australian Open"]
[Site "Mount Buller AUS"]
[Date "2005.01.02"]
[Round "5"]
[White "Sonter,M"]
[Black "Humphrey,J"]
[Result "0-1"]
[WhiteElo "2206"]
[BlackElo "2152"]

1.e4 c5 2.Nf3 e6 3.d4 cxd4 4.Nxd4 a6 5.Bd3 Bc5 6.Nb3 Ba7 7.Qg4 Nf6 8.Qg3 d6
9.O-O Nc6 10.Bg5 Ne5 11.Kh1 h6 12.Bxf6 Qxf6 13.f4 Nxd3 14.cxd3 O-O 15.Nc3 Bd7
16.d4 Qg6 17.Qf3 Bc6 18.d5 Bd7 19.Rad1 e5 20.f5 Qf6 21.Rc1 Rfc8 22.Nd2 b5
23.b4 Rc7 24.Ne2 Rac8 25.Rxc7 Rxc7 26.Rc1 Qd8 27.Rxc7 Qxc7 28.Qc3 Qb6 29.Qf3 a5
30.a3 axb4 31.axb4 Qa6 32.g4 Qa4 33.Qb3 Bf2 34.Qxa4 bxa4 35.Nc3 Be1 36.Ndb1 a3
37.Na2 Bb5 38.Nxa3 Bd3 39.Kg2 Bxe4+ 40.Kf1 Bxd5 41.Kxe1 Bxa2 42.b5 Kf8 43.b6 Bd5
44.Nc4 Ke7 45.Kf2 Kd7 46.Na5 Kc8 47.Ke3 f6 48.Kd3 Ba2  0-1

[Event "HSK IM"]
[Site "Hamburg GER"]
[Date "2005.01.04"]
[Round "4"]
[White "Sawadkuhi,M"]
[Black "Langrock,H"]
[Result "0-1"]
[WhiteElo "2310"]
[BlackElo "2402"]

1.e4 c5 2.Nf3 e6 3.d4 cxd4 4.Nxd4 a6 5.Bd3 Bc5 6.Nb3 Ba7 7.Nc3 Nc6 8.O-O Nf6
9.Qe2 d6 10.Be3 O-O 11.Rad1 b5 12.f4 Bxe3+ 13.Qxe3 Ng4 14.Qg3 Qb6+ 15.Kh1 Ne3
16.f5 Nxf1 17.Rxf1 f6 18.Qxd6 Rd8 19.Qg3 Qb8 20.Qh4 Ne5 21.Nc1 Ra7 22.N3e2 Re7
23.Ng3 exf5 24.exf5 Bb7 25.Nh5 Qc7 26.Nf4 Nxd3 27.cxd3 Qc2 28.b3 Rc8  0-1

[Event "ch-FENACH"]
[Site "Santiago CHI"]
[Date "2005.01.04"]
[Round "2"]
[White "Rios Escobar,A"]
[Black "Llorens,M"]
[Result "1-0"]
[WhiteElo "2235"]
[BlackElo "2418"]

1.e4 c5 2.Nf3 e6 3.d4 cxd4 4.Nxd4 a6 5.Bd3 Qc7 6.Nc3 Nc6 7.Nde2 b5 8.a3 Bb7
9.Bf4 Bd6 10.Bxd6 Qxd6 11.Qd2 Nge7 12.Qe3 Qc7 13.O-O Ne5 14.Qg3 N7g6 15.Kh1 h5
16.f4 h4 17.Qh3 Nxd3 18.cxd3 Qb6 19.f5 Ne5 20.d4 Nc4 21.b3 Nd2 22.Rf4 Nxb3
23.Rd1 O-O-O 24.Rxh4 Rxh4 25.Qxh4 exf5 26.exf5 Re8 27.Qg3 Qf6 28.Qf2 Na5
29.d5 Nc4 30.a4 Ne3 31.Rc1 Kb8 32.axb5 axb5 33.Nxb5 Bxd5 34.Qf4+ Qe5 35.Qa4 Bxg2+
36.Kg1 Bc6 37.Qa7+ Kc8 38.Qa8+  1-0

[Event "GM"]
[Site "Augsburg GER"]
[Date "2005.01.06"]
[Round "11"]
[White "Langheinrich,F"]
[Black "Van der Weide,K"]
[Result "0-1"]
[WhiteElo "2395"]
[BlackElo "2457"]

1.e4 c5 2.Nf3 e6 3.d4 cxd4 4.Nxd4 a6 5.Bd3 Nf6 6.O-O Qc7 7.c4 Nc6 8.Nxc6 dxc6
9.Nc3 e5 10.Bg5 Be7 11.f4 h6 12.Bh4 exf4 13.e5 Qxe5 14.Re1 Bc5+ 15.Kh1 Be3
16.g3 Bg4 17.Be2 Rd8 18.Bxg4 Rxd1 19.Raxd1 O-O 20.gxf4 Qxf4 21.Bxf6 gxf6
22.Bh3 Re8 23.Rf1 Qh4 24.Rf3 Bd4 25.Rg3+ Kf8 26.Bd7 Re3 27.Kg2 Qf4 28.Bc8 Rxg3+
29.hxg3 Qf2+ 30.Kh3 f5 31.Ne2 Qxe2  0-1

[Event "XI Open A"]
[Site "Bosnjaci CRO"]
[Date "2005.01.06"]
[Round "6"]
[White "Armanda,I"]
[Black "Zivkovic,Vj"]
[Result "1/2-1/2"]
[WhiteElo "2364"]
[BlackElo "2406"]

1.e4 c5 2.Nf3 e6 3.d4 cxd4 4.Nxd4 a6 5.Bd3 Qb6 6.Nb3 Qc7 7.c4 Nf6 8.Nc3 Bd6
9.h3 Be5 10.Be3 Bxc3+ 11.bxc3 d6  1/2-1/2

[Event "TCh-BEL 2004-5"]
[Site "Belgium BEL"]
[Date "2005.01.09"]
[Round "6"]
[White "Landa,K"]
[Black "Kveinys,A"]
[Result "1-0"]
[WhiteElo "2574"]
[BlackElo "2518"]

1.e4 c5 2.Nf3 e6 3.d4 cxd4 4.Nxd4 a6 5.Bd3 Bc5 6.Nb3 Be7 7.Qg4 g6 8.Qe2 d6
9.O-O Nd7 10.Na3 Ne5 11.Nc4 Nf6 12.Bd2 Nxc4 13.Bxc4 O-O 14.Rfd1 Qc7 15.Bd3 d5
16.exd5 Nxd5 17.Be4 Nf6 18.Ba5 Qe5 19.Bf3 Qxe2 20.Bxe2 Bd7 21.Bf3 Rab8 22.Bc3 Bc6
23.Bxc6 bxc6 24.Nc5 Bxc5 25.Bxf6 Rb7 26.Kf1 Re8 27.Rd3 Be7 28.Bxe7 Rexe7
29.b3 a5 30.Rad1 a4 31.Rc3 axb3 32.cxb3 Rb6 33.Rd8+ Kg7 34.Ra8 Rd7 35.Ke2 Rb5
36.Rd3 Re5+ 37.Kd2 Rb7 38.Rc8 c5 39.Kc3 h5 40.Rd2 h4 41.h3 Rg5 42.f4 Rf5
43.a4 g5 44.a5 gxf4 45.a6 Ra7 46.Ra2 f3 47.gxf3 Rxf3+ 48.Kc4 Rxh3 49.Rxc5 Rg3
50.b4 Rg1 51.Rb5 Rb1  1-0

[Event "XXX Open"]
[Site "Seville ESP"]
[Date "2005.01.09"]
[Round "3"]
[White "Barria,D"]
[Black "Korneev,O"]
[Result "0-1"]
[WhiteElo "2347"]
[BlackElo "2583"]

1.e4 c5 2.Nf3 e6 3.d4 cxd4 4.Nxd4 a6 5.Bd3 Bc5 6.Nb3 Ba7 7.Qe2 Ne7 8.Be3 Nbc6
9.O-O O-O 10.c4 d6 11.Nc3 e5 12.Nd5 Ng6 13.Bxa7 Rxa7 14.Qe3 Be6 15.Rfd1 a5
16.Rac1 a4 17.Nd2 Ra5 18.Nc3 Nd4 19.b4 Ra8 20.a3 Nf4 21.Bf1 Bg4 22.f3 Bd7
23.g3 Nfe6 24.Bh3 Kh8 25.Bxe6 fxe6 26.Ne2 Qf6 27.Rc3 b5 28.Kg2 Rac8 29.c5 d5
30.Rdc1 Bc6 31.Rd3 Nb3 32.Nxb3 axb3 33.Rxb3 Qg6 34.Rd1 dxe4 35.f4 exf4 36.Nxf4 Rxf4
37.Qxf4 e3+  0-1

[Event "Tch-FIN 2004-5"]
[Site "Finland FIN"]
[Date "2005.01.15"]
[Round "6"]
[White "Penttinen,J"]
[Black "Karttunen,M"]
[Result "1/2-1/2"]
[WhiteElo "2304"]
[BlackElo "2414"]

1.e4 c5 2.Nf3 e6 3.d4 cxd4 4.Nxd4 a6 5.Bd3 Bc5 6.Nf3 d6 7.O-O Nd7 8.Qe2 Ngf6
9.c4 Ng4 10.Nc3 Nde5 11.Nxe5 Nxe5 12.Kh1 Bd4 13.Be3 Qb6 14.Bxd4 Qxd4  1/2-1/2

[Event "TCh-BEL 2004-5"]
[Site "Belgium BEL"]
[Date "2005.01.16"]
[Round "7"]
[White "Feygin,M"]
[Black "Lemmers,O"]
[Result "1/2-1/2"]
[WhiteElo "2478"]
[BlackElo "2395"]

1.e4 c5 2.Nf3 e6 3.d4 cxd4 4.Nxd4 a6 5.Bd3 Bc5 6.Nb3 Ba7 7.Qg4 Nf6 8.Qg3 d6
9.O-O Nc6 10.Nc3 Nh5 11.Qh3 Nf6 12.Bg5 h6 13.Rad1 O-O 14.Bc1 e5 15.Qg3 Nh5
16.Qf3 Qh4 17.Be2 Nf6 18.h3 Be6 19.Be3 Bxb3 20.cxb3 Nd4 21.Bxd4 Bxd4 22.Bc4 Rac8
23.a4 Bxc3 24.bxc3 Qxe4 25.Rxd6 Qxf3 26.gxf3 b5 27.axb5 axb5 28.Bxb5 Rxc3
29.Rd3 Rxd3 30.Bxd3 Nd5 31.Bc4 Nb6 32.Bb5 Rd8 33.Rc1 Rd5 34.Bc6 Rd4 35.Rc5 Rb4
36.Rxe5 Rxb3 37.Re8+ Kh7 38.Rb8 Kg6 39.Be8 Kg5 40.Rb7 f5 41.Rxg7+ Kf4 42.Rg6 Nc4
43.Rxh6 Ne5 44.Rh4+ Kg5 45.Rh5+ Kf4 46.Rh4+ Kg5 47.Rh5+  1/2-1/2

[Event "Open"]
[Site "Geneva SUI"]
[Date "2005.01.27"]
[Round "6"]
[White "Palac,M"]
[Black "Markowski,T"]
[Result "1/2-1/2"]
[WhiteElo "2575"]
[BlackElo "2570"]

1.e4 c5 2.Nf3 e6 3.d4 cxd4 4.Nxd4 a6 5.Bd3 Nf6 6.O-O d6 7.c4 b6 8.Nc3 Bb7
9.f4 Nbd7 10.Qe2 g6 11.f5 Qe7 12.fxe6 fxe6 13.Bg5 Bg7 14.Nf3 O-O 15.Qd2 Nc5
16.Bc2 Qc7 17.Rae1 Ng4 18.h3 Ne5 19.Nxe5 Bxe5 20.Bh6 Rxf1+ 21.Rxf1 Re8 22.Qf2 Qe7
23.Bg5 Qf8 24.Qd2 Qg7 25.Rf3 Qc7 26.Bf4 Nd7 27.Ba4 Bc6 28.Bxc6 Qxc6 29.b3 Bxf4
30.Rxf4  1/2-1/2

[Event "13th Fajr Open"]
[Site "Tehran IRI"]
[Date "2005.01.29"]
[Round "4"]
[White "Mamedov,Nid"]
[Black "Babujian,L"]
[Result "1/2-1/2"]
[WhiteElo "2446"]
[BlackElo "2362"]

1.e4 c5 2.Nf3 e6 3.d4 cxd4 4.Nxd4 a6 5.Bd3 d6 6.O-O Nf6 7.b3 Nc6 8.Nxc6 bxc6
9.Bb2 e5 10.f4 Ng4 11.Qe1 Be7 12.Nd2 exf4 13.Rxf4 Bh4 14.g3 Bg5 15.Rf1 O-O
16.Nf3 Be3+ 17.Kh1 Qb6 18.Kg2 Bc5 19.Bc1 Ra7 20.h3 Ne3+ 21.Bxe3 Bxe3 22.Qe2 Bh6
23.Rae1 Re7 24.Qf2 Qc7 25.Bc4 Qd7 26.g4 g6 27.Qb6 Qc7 28.Qxc7 Rxc7 29.Rd1 Bf4
30.Ne1 Be5 31.Nf3 Bf4 32.Ne1 g5 33.Nd3 Be3 34.Rf3 Ba7 35.Nb4 a5 36.Na6 Rd7
37.Rf5 d5 38.Rxg5+ Kh8 39.exd5 cxd5 40.Bb5 Rd6 41.Nc7 d4 42.Bd3 Bb7+ 43.Kf2 Rf6+
44.Rf5 Rxf5+ 45.gxf5 Kg7 46.Re1 Bc6 47.Re5 Rc8 48.Nb5 Bb6 49.Nd6 Bc7 50.f6+ Kf8
51.Nxc8 Bxe5 52.Bxh7 Bxf6 53.Nb6 Ke7 54.Bf5 d3 55.Nc4 Bd4+ 56.Kg3 dxc2 57.Bxc2 Bc3
58.Kf4 Be1 59.Be4 Bd7 60.Bf5 Bb5 61.a4 Bxc4 62.bxc4 Kd6 63.Bc8 Kc5 64.Ba6 Bd2+
65.Kg4 Kd4 66.Bb5 Bh6  1/2-1/2

[Event "13th Fajr Open"]
[Site "Tehran IRI"]
[Date "2005.01.30"]
[Round "6"]
[White "Alizadeh,G"]
[Black "Moradiabadi,E"]
[Result "0-1"]
[WhiteElo "2186"]
[BlackElo "2439"]

1.e4 c5 2.Nf3 e6 3.d4 cxd4 4.Nxd4 a6 5.Bd3 Nf6 6.c4 Nc6 7.Nxc6 dxc6 8.O-O e5
9.Nc3 Bc5 10.Bg5 h6 11.Bh4 Be6 12.Kh1 Qe7 13.f4 g5 14.fxe5 Ng4 15.Bg3 Ne3
16.Qe2 Nxf1 17.Rxf1 O-O-O 18.Nd5 cxd5 19.exd5 h5 20.dxe6 fxe6 21.Be1 Rhf8
22.Rxf8 Qxf8 23.Bg6 Qf4 24.g3 Qd4 25.Qf1 Rf8  0-1

[Event "It"]
[Site "Chernigov UKR"]
[Date "2005.02.01"]
[Round "13"]
[White "Chokhonelidze,G"]
[Black "Savinov,Vi"]
[Result "0-1"]
[WhiteElo "2300"]
[BlackElo "2482"]

1.e4 c5 2.Nf3 e6 3.d4 cxd4 4.Nxd4 a6 5.Bd3 Nf6 6.O-O d6 7.c4 Be7 8.Nc3 O-O
9.Be3 Nbd7 10.f3 Qc7 11.Qe2 b6 12.Rac1 Bb7 13.Rfd1 Rac8 14.Qf2 Qb8 15.a3 Bd8
16.b4 Bc7 17.g4 Ne5 18.Bf1 d5 19.g5 Nxe4 20.fxe4 Ng4 21.Qe2 Nxe3 22.Qxe3 Bxh2+
23.Kg2 Bf4 24.Qf3 dxe4 25.Nxe4 Bxc1 26.Rxc1 Qe5 27.Re1 Qxd4 28.Nf6+ gxf6
29.Qxb7 fxg5  0-1

[Event "10th HIT Open A"]
[Site "Nova Gorica SLO"]
[Date "2005.02.03"]
[Round "9"]
[White "Nevednichy,V"]
[Black "Miezis,N"]
[Result "1/2-1/2"]
[WhiteElo "2559"]
[BlackElo "2547"]

1.e4 c5 2.Nf3 e6 3.d4 cxd4 4.Nxd4 a6 5.Bd3 Nc6 6.Nxc6 dxc6 7.Nd2 e5 8.Nc4 Nf6
9.O-O Qc7 10.Bd2 b5 11.Ne3 Be7 12.Qf3 O-O 13.Rfe1 Re8 14.a4 Be6 15.Nf5 Bf8
16.axb5  1/2-1/2

[Event "FINEC WGM"]
[Site "St Petersburg RUS"]
[Date "2005.02.03"]
[Round "8"]
[White "Korbut,E"]
[Black "Shadrina,T"]
[Result "0-1"]
[WhiteElo "2417"]
[BlackElo "2396"]

1.e4 c5 2.Nf3 e6 3.d4 cxd4 4.Nxd4 a6 5.Bd3 Nf6 6.O-O d6 7.c4 Be7 8.Nc3 O-O
9.Be3 b6 10.f4 Qc7 11.Rc1 Re8 12.b4 Nbd7 13.Nb3 Bb7 14.a4 a5 15.bxa5 bxa5
16.Qe2 Bc6 17.Rb1 Nb6 18.Nb5 Bxb5 19.axb5 Nfd7 20.Nd4 Bf6 21.Nc6 e5 22.f5 Na4
23.Qd2 Nb8 24.Nxb8 Rexb8 25.Qf2 Nc5 26.Bc2 Rc8 27.Rfd1 Nb7 28.Bb3 a4 29.Ba2 Rab8
30.Rb4 Qa5 31.Rdb1 Nc5 32.Qc2 Nb3 33.Bd2 d5 34.Bxb3 Qb6+ 35.Kh1 axb3 36.Qxb3 Be7
37.Ra4 dxe4 38.Qe3 Qd4 39.Qxd4 exd4 40.Bf4 Rb7 41.Re1 e3 42.Kg1 g5 43.fxg6 fxg6
44.Rea1 Bc5 45.Ra8 Rxa8 46.Rxa8+ Kf7 47.Rc8 Ra7 48.g3 Ra1+ 49.Kg2 Ra2+ 50.Kf3 e2
51.Rc7+ Ke6 52.Rc6+ Kd7 53.Rxc5 e1=Q 54.Rd5+ Ke6 55.Kg4 Qe2+  0-1

[Event "ch-FRA Top 16 GpB"]
[Site "Vandoeuvre FRA"]
[Date "2005.02.05"]
[Round "2"]
[White "Edouard,R"]
[Black "Payen,A"]
[Result "1-0"]
[WhiteElo "2221"]
[BlackElo "2384"]

1.e4 c5 2.Nf3 e6 3.d4 cxd4 4.Nxd4 a6 5.Bd3 Nf6 6.O-O Qc7 7.Kh1 Bc5 8.Nb3 Be7
9.f4 d6 10.Qe2 Nbd7 11.Nc3 b5 12.a4 b4 13.Na2 d5 14.e5 Ne4 15.Be3 Bb7 16.Rfc1 g5
17.c3 bxc3 18.Nxc3 Nec5 19.Nxc5 Nxc5 20.Bxc5 Qxc5 21.Nb5 Qb4 22.Nc7+ Kd7
23.Nxa8 Rxa8 24.f5 h5 25.Rc2 Qg4 26.Rac1 Rc8 27.Rxc8 Bxc8 28.Qc2  1-0

[Event "2nd GM"]
[Site "Kish IRI"]
[Date "2005.02.06"]
[Round "7"]
[White "Moradiabadi,E"]
[Black "Darban,M"]
[Result "1-0"]
[WhiteElo "2439"]
[BlackElo "2404"]

1.e4 c5 2.Nf3 e6 3.d4 cxd4 4.Nxd4 a6 5.Bd3 Nf6 6.O-O Qc7 7.Qe2 d6 8.c4 Be7
9.Nc3 Nc6 10.Be3 Ne5 11.f3 b6 12.a4 Nfd7 13.b3 Nxd3 14.Qxd3 Bb7 15.Qd2 O-O
16.Rfd1 Rfe8 17.Bf2 Rac8 18.Nde2 Red8 19.Rac1 h6 20.Be3 Ba8 21.Nf4 Qb8 22.Qf2 Nc5
23.Rb1 Bf6 24.Nce2 b5 25.axb5 axb5 26.Nh5 Be5 27.Qh4 Nd7 28.Qg4 Kh7 29.f4 Bf6
30.f5 Re8 31.Nd4 bxc4 32.bxc4 Qa7 33.fxe6 fxe6 34.Nf5 Nc5 35.Nxd6 Bg5 36.Bd4 Rcd8
37.e5 Rf8 38.h4 Bxh4 39.Qxh4  1-0

[Event "Open"]
[Site "Bermuda BER"]
[Date "2005.02.11"]
[Round "2"]
[White "Abreu,A"]
[Black "Faulks,N"]
[Result "1-0"]
[WhiteElo "2436"]
[BlackElo "2063"]

1.e4 c5 2.Nf3 e6 3.d4 cxd4 4.Nxd4 a6 5.Bd3 Bc5 6.Nb3 Ba7 7.Qe2 Nc6 8.Nc3 d6
9.Be3 Nf6 10.Bxa7 Rxa7 11.f4 b5 12.g4 h6 13.O-O-O b4 14.Na4 Qc7 15.h4 h5
16.gxh5 e5 17.f5 Bd7 18.Qf2 Rb7 19.Rhg1 Nb8 20.Nac5 dxc5 21.Nxc5 Rb6 22.Rxg7 Rc6
23.Nb3 Nxh5 24.Rg4 Nf6 25.Rg7 Qb6 26.Qg3 Kf8 27.Rg1 Ne8 28.Rg4 Rf6 29.Nd2 Bb5
30.Kb1 Nc6 31.Nc4 Qd4 32.Ne3 Bxd3 33.Rg8+ Rxg8 34.Qxg8+ Ke7 35.Nd5+ Kd6 36.Qf8+ Kd7
37.Nxf6+ Nxf6 38.Rd1 Qd6 39.Rxd3 Nd4 40.Qxd6+ Kxd6 41.c3  1-0

[Event "FSGM February"]
[Site "Budapest HUN"]
[Date "2005.02.11"]
[Round "7"]
[White "Boros,De"]
[Black "Fogarasi,T"]
[Result "0-1"]
[WhiteElo "2404"]
[BlackElo "2442"]

1.e4 c5 2.Nf3 e6 3.d4 cxd4 4.Nxd4 a6 5.Bd3 Nf6 6.Qe2 d6 7.f4 g6 8.Be3 Bg7
9.Nd2 O-O 10.O-O-O Nbd7 11.Kb1 Qc7 12.g4 Nc5 13.g5 Nh5 14.f5 Nxd3 15.cxd3 Bxd4
16.Bxd4 exf5 17.Rhf1 f4 18.Nc4 Be6 19.Nb6 Rae8 20.Qf2 f6 21.gxf6 Nxf6 22.Qxf4 Nd7
23.Qe3 Ne5 24.h4 Rxf1 25.Rxf1 Rf8 26.Rxf8+ Kxf8 27.Nd5 Bxd5 28.exd5 Qe7 29.Qe4 Qf6
30.Kc2 Qf5 31.Bxe5 Qxe5 32.Qc4 Kf7 33.Qc7+ Qe7 34.Qb8 Kg7 35.Kb3 h6 36.a4 g5
37.hxg5 hxg5 38.a5 Qd7 39.Qa7 Qb5+ 40.Kc3 Qc5+ 41.Qxc5 dxc5 42.Kc4 g4 43.Kxc5 g3
44.d6 g2 45.d7 g1=Q+ 46.Kd6 Qd4+ 47.Kc7 Qc5+ 48.Kxb7 Qd6 49.d4 Kf7 50.d8=Q Qxd8
51.Kxa6 Qb8 52.d5 Ke7 53.b3 Kd7  0-1

[Event "FSGM February"]
[Site "Budapest HUN"]
[Date "2005.02.13"]
[Round "9"]
[White "Szabo,Kr"]
[Black "Fogarasi,T"]
[Result "1/2-1/2"]
[WhiteElo "2376"]
[BlackElo "2442"]

1.e4 c5 2.Nf3 e6 3.d4 cxd4 4.Nxd4 a6 5.Bd3 Nf6 6.O-O e5 7.Nb3 d6 8.c4 Be7
9.Nc3 O-O 10.h3 Nc6 11.Be3 Be6 12.Rc1 Nd7 13.Qd2 h6 14.Be2 Nc5 15.Na1 Bg5
16.Nc2 Bxe3 17.Qxe3 f5 18.exf5 Bxf5 19.Bf3 Nd3 20.Rcd1 Nf4 21.Be4 Qg5 22.Kh2 Rf6
23.Qg3 Qh5 24.Nd5 Nxd5 25.Bxd5+ Kh8 26.Ne3 Nd4 27.c5 dxc5 28.Bxb7 Re8 29.Nxf5 Qxf5
30.Rde1 e4 31.Qg4 Qxg4 32.hxg4 Rb8 33.Bxe4 Rxb2 34.Bd3 Rf8 35.Bxa6 Rxa2 36.Bc4 Raxf2
37.Rxf2 Rxf2 38.Re8+ Kh7 39.Rc8  1/2-1/2

[Event "21st Open"]
[Site "Cappelle la Grande FRA"]
[Date "2005.02.14"]
[Round "3"]
[White "Makropoulou,M"]
[Black "Van der Weide,K"]
[Result "1/2-1/2"]
[WhiteElo "2237"]
[BlackElo "2490"]

1.e4 c5 2.Nf3 e6 3.d4 cxd4 4.Nxd4 a6 5.Bd3 Nf6 6.O-O Qc7 7.Qe2 d6 8.c4 g6
9.Nc3 Bg7 10.Be3 O-O 11.Rac1 Nbd7 12.f4 Re8 13.b4 b6 14.Nb3 Bb7 15.h3 Rab8
16.Qf2 Ba8 17.Rfd1 Red8 18.Rc2 Qb7 19.Nd4 Rbc8 20.a4 Qb8 21.Nf3 Re8 22.g4 Qb7
23.Rdc1 Rcd8 24.Nd2 d5 25.c5 dxe4 26.c6 Qxc6 27.Bxa6 Qd6 28.Nb5 Qxb4 29.Rc4 Qe7
30.Nc7 Rf8 31.Nxa8 Rxa8 32.Bb5 Nd5 33.Nxe4 Rad8 34.Kg2 f5 35.Ng3 fxg4 36.hxg4 N7f6
37.Bxb6 Nxb6 38.Qxb6 Nxg4 39.Re1 e5 40.Rc7 Rd2+ 41.Be2 Qf6 42.Qxf6 Nxf6 43.fxe5 Nd5
44.Rc5 Bxe5 45.Rxd5 Bxg3 46.Kxg3 Rxd5 47.Bc4 Rf5 48.Rd1 Rg5+ 49.Kf3 Rf5+  1/2-1/2

[Event "FSIMB February"]
[Site "Budapest HUN"]
[Date "2005.02.15"]
[Round "11"]
[White "Katsuhara,O"]
[Black "Schneider,Ve"]
[Result "1/2-1/2"]
[WhiteElo "2083"]
[BlackElo "2266"]

1.e4 c5 2.Nf3 e6 3.d4 cxd4 4.Nxd4 a6 5.Bd3 Bc5 6.Nb3 Be7 7.Qg4 g6 8.Qe2 d6
9.Na3 Qc7 10.Nc4 Nd7 11.Bd2 Ngf6 12.Bc3 b5 13.Nca5 Nc5 14.Bd4 Nxb3 15.Nxb3 e5
16.Bc3 Be6 17.a4 O-O 18.axb5 axb5 19.O-O Bxb3 20.cxb3 Qb7 21.b4 Rxa1 22.Rxa1 d5
23.exd5 Nxd5 24.Qxe5 Bf6 25.Qe1 Nxc3 26.bxc3 Rc8 27.Rc1 Qd5 28.Bf1 Kf8 29.g3 Re8
30.Rd1 Qa2 31.Qd2 Qxd2 32.Rxd2  1/2-1/2

[Event "Mayor de Chile"]
[Site "Santiago CHI"]
[Date "2005.02.16"]
[Round "3"]
[White "Rojas,L"]
[Black "San Martin,E"]
[Result "1-0"]
[WhiteElo "2379"]
[BlackElo "2213"]

1.e4 c5 2.Nf3 e6 3.d4 cxd4 4.Nxd4 a6 5.Bd3 Nf6 6.Qe2 d6 7.c4 g6 8.b3 Bg7
9.Bb2 Nbd7 10.O-O O-O 11.f4 e5 12.fxe5 Nxe5 13.Bc2 Qb6 14.Kh1 Bg4 15.Nf3 Nh5
16.Qf2 Qxf2 17.Rxf2 Nxf3 18.Bxg7 Kxg7 19.gxf3 Be6 20.Nc3 Rac8 21.Rd1 Rfd8
22.Rfd2 b5 23.Rxd6 Rxd6 24.Rxd6 bxc4 25.b4 Rb8 26.a3 Ra8 27.Na4 Nf4 28.Nc5 Bh3
29.Kg1 Re8 30.Kf2 a5 31.bxa5 Re5 32.Nb7 Bc8 33.a6 Bxb7 34.axb7 Rb5 35.Rd7 Ne6
36.Ke3 Rb2 37.e5 Nc5 38.Rc7 Nxb7 39.Rxc4 Nd8 40.a4 Ne6 41.h4 h6 42.Be4 g5
43.hxg5 hxg5 44.Bc6 f6 45.exf6+ Kxf6 46.a5 Rb3+ 47.Kd2 Ra3 48.Ra4 Rxa4 49.Bxa4 Nc5
50.Bd1 Ke5 51.Kc3 Kd5 52.Be2 Kc6 53.a6 Kb6 54.Kd4 Ne6+ 55.Ke5 Nf4 56.Bf1 Ng6+
57.Kf5 Nh4+ 58.Kg4 Ka7 59.f4 gxf4 60.Kxh4 Kb6 61.Kg4 Ka7 62.Kxf4 Kb6 63.Ke5 Ka7
64.Kd5 Kb6 65.Kd6 Ka7 66.Kc5 Kb8 67.Kb6 Ka8 68.Bg2+  1-0

[Event "Nordea Cup"]
[Site "Dianalund DEN"]
[Date "2005.02.17"]
[Round "6"]
[White "Nielsen,Ma"]
[Black "Miezis,N"]
[Result "0-1"]
[WhiteElo "2270"]
[BlackElo "2547"]

1.e4 c5 2.Nf3 e6 3.d4 cxd4 4.Nxd4 a6 5.Bd3 Nc6 6.Nxc6 dxc6 7.f4 e5 8.f5 Nf6
9.Qf3 b5 10.a4 Bb7 11.Nd2 Bd6 12.O-O Qe7 13.Nb3 Rc8 14.axb5 cxb5 15.Bg5 h6
16.Bh4 Bb8 17.Rad1 Qb4 18.Be1 Qe7 19.Bh4 O-O 20.Kh1 Rfd8 21.g4 Kf8 22.g5 hxg5
23.Bxg5 Qb4 24.Nd2 Ke7 25.Rfe1 Qxb2 26.Be3 Rh8 27.Rg1 Rh7 28.Rg2 Qb4 29.Bg5 Bd6
30.Nf1 Kf8 31.Bxf6 gxf6 32.Ne3 Ke7 33.c4 bxc4 34.Rb1 cxd3 35.Rxb4 Bxb4 36.Rb2 a5
37.Nd5+ Bxd5 38.exd5 Rc1+ 39.Kg2 Rg7+ 40.Kh3 Rc8 41.Qh5 d2 42.d6+ Kd7 43.Rb1 Rc1
44.Qf3 Rc3  0-1

[Event "Extraliga CZE 2004-5"]
[Site "Czech Rep CZE"]
[Date "2005.02.20"]
[Round "7"]
[White "Priborsky,I"]
[Black "Subrt,J"]
[Result "1-0"]
[WhiteElo "2193"]
[BlackElo "2166"]

1.e4 c5 2.Nf3 e6 3.d4 cxd4 4.Nxd4 a6 5.Bd3 b5 6.O-O Bb7 7.a4 b4 8.c3 d5 9.e5 Nd7
10.Nxe6 fxe6 11.Qh5+ Ke7 12.Bg5+ Ngf6 13.exf6+ gxf6 14.Bh4 Qb6 15.Re1 Re8
16.cxb4 Qxb4 17.Nc3 Kd8 18.Rac1 Rg8 19.Bg3 Rg5 20.Qe2 e5 21.Bxa6 h5 22.Bxb7 h4
23.Bxd5 hxg3 24.hxg3 Rxg3 25.Red1 Bc5 26.Ne4  1-0

[Event "Mayor de Chile"]
[Site "Santiago CHI"]
[Date "2005.02.21"]
[Round "8"]
[White "San Martin,E"]
[Black "Flores,Mau"]
[Result "0-1"]
[WhiteElo "2213"]
[BlackElo "2067"]

1.e4 c5 2.Nf3 e6 3.d4 cxd4 4.Nxd4 a6 5.Bd3 Bc5 6.Nb3 Be7 7.Be3 d6 8.N1d2 Nf6
9.Qe2 Nbd7 10.f4 b6 11.g4 Nc5 12.g5 Nfd7 13.O-O-O Bb7 14.Rhg1 Qc7 15.Kb1 b5
16.h4 O-O-O 17.Bd4 e5 18.Bc3 Kb8 19.Ba5 Qc6 20.Bxd8 Bxd8 21.f5 Bb6 22.Rge1 Na4
23.Nf3 Ndc5 24.Qd2 Qc7 25.Rc1 Rc8 26.h5 Bc6 27.Nxc5 dxc5 28.c3 c4 29.Bc2 Nc5
30.Rcd1 Nb7 31.f6 g6 32.hxg6 hxg6 33.Rh1 Ka8 34.Qh2 Re8 35.Qh7 Nc5 36.Nd2 Ne6
37.Nf3 Be3 38.Qh4 a5 39.Qg3 Bf4 40.Qg2 Rb8 41.Rh7 Qb7 42.Rd5 Bxd5 43.exd5 Nc5
44.Bxg6 Qxd5 45.Bc2 Rd8 46.Rh1 Bxg5 47.Rd1 Qxd1+ 48.Bxd1 Rxd1+ 49.Kc2 Rc1+  0-1

[Event "Mimoza Open"]
[Site "Herceg Novi SCG"]
[Date "2005.02.26"]
[Round "2"]
[White "Nestorovic,N"]
[Black "Genov,Peta"]
[Result "0-1"]
[WhiteElo "2152"]
[BlackElo "2470"]

1.e4 c5 2.Nf3 e6 3.d4 cxd4 4.Nxd4 a6 5.Bd3 Nf6 6.O-O Qc7 7.c4 Nc6 8.Nxc6 dxc6
9.Be3 e5 10.Nc3 Ng4 11.Bd2 Bc5 12.h3 Nf6 13.Rc1 O-O 14.Qe2 Qe7 15.a3 Be6
16.b4 Bd4 17.Qf3 Rfd8 18.Rfd1 a5 19.Ne2 Bb2 20.Rb1 Bxa3 21.bxa5 Ne8 22.Nc3 Bc5
23.Na4 Bd4 24.Rb3 b5 25.Nb2 Nd6 26.Rc1 Qf6 27.Qg3 bxc4 28.Rxc4 Bxb2 29.Bg5 Qg6
30.Bxd8 Qxg3 31.fxg3 Bxc4  0-1